000 004480000a22001690004500
003 MACL
005 20160109163345.0
008 160109b xxu||||| |||| 00| 0 eng d
040 _aMACL
_cMACL
041 _aEnglish
082 _a824/RHY
100 _aRuskin, John
_927490
245 _aUnto This Last & other Essays on Art and Political Economy
260 _bJ M Dent & Sons LTD
_aLondon
650 _aLetters
_930591
942 _cBK
_k824/RHY
_2ddc
999 _c37793
_d37793